[Event "Leeuwarden op"]
[Site "Leeuwarden"]
[Date "1995.??.??"]
[Round "5"]
[White "Hjartarson, Johann"]
[Black "Brenninkmeijer, Joris"]
[Result "1-0"]
[WhiteElo "2570"]
[BlackElo "2500"]

1.d4 d5 2.c4 dxc4 3.Nf3 a6 4.e3 e6 5.Bxc4 c5 6.O-O Nf6 7.a4 Nc6 8.Qe2 Qc7
9.Rd1 Bd6 10.Nc3 O-O 11.h3 b6 12.Bd2 Bb7 13.d5 exd5 14.Nxd5 Nxd5 15.Bxd5 Nd4
16.Nxd4 Bxd5 17.Nf5 Be5 18.Bc3 Bb3 19.Rdc1 g6 20.Nh6+ Kg7 21.Bxe5+ Qxe5 22.Ng4 Qd6
23.Qe1 c4 24.Qc3+ f6 25.Nh2 b5 26.axb5 axb5 27.Nf3 Ba4 28.Nd4 Rfc8 29.Qd2 Kg8
30.Qe2 Qd5 31.Qg4 f5 32.Qg5 b4 33.Qe7 Bc6 34.Nxc6 Qxc6 35.Rxa8 Qxa8 36.Qxb4 Qe4
37.Qc3 Rb8 38.Rd1 Qe6 39.Ra1 Rf8 40.Ra7 Rf7 41.Ra8+  1-0

[Event "POL-chT"]
[Site "Lubniewice"]
[Date "1995.??.??"]
[Round "8"]
[White "Jaworski, Miroslaw"]
[Black "Weglarz, Leszek"]
[Result "1-0"]
[WhiteElo "2360"]
[BlackElo "2300"]

1.d4 d5 2.c4 dxc4 3.Nf3 c5 4.e3 e6 5.Bxc4 Nf6 6.O-O a6 7.a4 Nc6 8.Qe2 Qc7
9.Nc3 Bd6 10.Rd1 O-O 11.Bd2 e5 12.dxc5 Bxc5 13.Nd5 Nxd5 14.Bxd5 Qe7 15.Qc4 Bd7
16.Bc3 Bd6 17.Qd3 Bc7 18.Be4 Bg4 19.Bxh7+ Kh8 20.Be4 f5 21.Bxc6 bxc6 22.Qd7 Rf7
23.Qxc6 Rb8 24.h3 Rb6 25.Qa8+ Rf8 26.Qd5 Rd8 27.Qc4 Bxf3 28.gxf3 Rh6 29.Kf1 f4
30.e4 Bb6 31.a5 Ba7 32.Ke2 Rxd1 33.Rxd1 Rg6 34.Qc8+ Kh7 35.Rd8 Re6 36.Rd7 Qc5
37.Qxc5 Bxc5 38.Rc7 Be7 39.Rd7 Bf6 40.Rd5 Kh6 41.Bb4 Re8 42.Bc5 Kh5 43.Kf1 Kh4
44.Kg2 Rb8 45.b4  1-0

[Event "POL-chT"]
[Site "Lubniewice"]
[Date "1995.??.??"]
[Round "10"]
[White "Matlak, Marek"]
[Black "Dobosz, Henryk"]
[Result "1-0"]
[WhiteElo "2435"]
[BlackElo "2420"]

1.d4 d5 2.Nf3 c5 3.c4 dxc4 4.e3 cxd4 5.Bxc4 e6 6.exd4 Nf6 7.O-O Nc6 8.Nc3 Be7
9.d5 exd5 10.Nxd5 Nxd5 11.Bxd5 Nb4 12.Bb3 Qxd1 13.Rxd1 Nc6 14.h3 h6 15.Bf4 O-O
16.Ne5 Nxe5 17.Bxe5 Rd8 18.Rxd8+ Bxd8 19.Rd1 Bb6 20.Bd4 Be6 21.Bxb6 Bxb3
22.axb3 axb6 23.Rd6 Ra6 24.Rd8+ Kh7 25.Rd7 Ra1+ 26.Kh2 Ra2 27.Rxf7 Rxb2 28.Rf3 Kg6
29.g4 h5 30.Kg3 hxg4 31.hxg4 Rd2 32.Re3 Kf7 33.f4 Rd4 34.f5 g6 35.fxg6+ Kxg6
36.Re6+ Kg5 37.Rxb6 Rxg4+ 38.Kf3 Rf4+ 39.Ke3 Rf7 40.Kd4 Kf5 41.Kc5 Rc7+ 42.Kb5 Ke5
43.Rh6 Kd4 44.b4 Re7 45.Kb6 Kc4 46.Rh4+ Kb3 47.b5 Re5 48.Ka5 Re7 49.Rh5 Re6
50.Rh7 b6+ 51.Ka6 Kb4 52.Rb7 Re1 53.Kxb6 Re5 54.Ka6 Re1 55.Rh7  1-0

[Event "CRO-chT"]
[Site "Makarska Tucepi"]
[Date "1995.??.??"]
[Round "?"]
[White "Loncar, Robert"]
[Black "Varga, Zoltan"]
[Result "1/2-1/2"]
[WhiteElo "2420"]
[BlackElo "2535"]

1.d4 d5 2.c4 dxc4 3.Nf3 a6 4.Nc3 b5 5.a4 b4 6.Na2 e6 7.e3 Nf6 8.Bxc4 Be7
9.Bd2 a5 10.Nc1 c5 11.Nb3 cxd4 12.Bb5+ Bd7 13.Nbxd4 O-O 14.O-O Ne4 15.Qc2 Bxb5
16.axb5 Nxd2 17.Nxd2 Bf6 18.Qe4 Nd7 19.Rfc1 Qb8 20.Qc6 Ne5 21.Qe4 Nd7 22.Qc6 Nb6
23.Nc4 Nxc4 24.Rxc4 Bxd4 25.Rxd4 Rc8 26.Qd7 Ra7 27.Qd6 Rb7 28.g3 Rxb5 29.Qxb8 Rcxb8
30.Rd7 Ra8 31.Rc1 h5 32.Rcc7 Rf5 33.e4 Rf6 34.Ra7 Rc8 35.Rd2 Rc5 36.h4 g6
37.Kg2 e5 38.Rb7 Rc4 39.Rb5 Rxe4 40.Rxa5 Re1 41.Rb5 e4 42.Rxb4 e3 43.fxe3 Rxe3
44.Rf2 Rxf2+ 45.Kxf2  1/2-1/2

[Event "Manresa"]
[Site "Manresa"]
[Date "1995.??.??"]
[Round "2"]
[White "Epishin, Vladimir"]
[Black "Lalic, Bogdan"]
[Result "1/2-1/2"]
[WhiteElo "2640"]
[BlackElo "2590"]

1.d4 d5 2.c4 dxc4 3.Nf3 c5 4.d5 e6 5.Nc3 exd5 6.Qxd5 Qxd5 7.Nxd5 Bd6 8.Nd2 Nc6
9.Nxc4 Bb8 10.e4 Nf6 11.Be3 Nxe4 12.f3 Nd6 13.Bxc5 Be6 14.O-O-O Nc8 15.g3 f6
16.f4 Kf7 17.Bg2 Nb6 18.Nce3 g6 19.Kb1 Rd8 20.b3 Nxd5 21.Nxd5 Bd6 22.Bxd6 Rxd6
23.Ne3 Rad8 24.Rxd6 Rxd6 25.Rd1 Ke7 26.Rxd6 Kxd6 27.Kb2 Kc5 28.Kc3 a5 29.a3 b5
30.Bxc6 b4+ 31.axb4+ axb4+ 32.Kd3 Kxc6 33.Nc4 Kc5 34.Nd2 Bf5+ 35.Ke3 Kd5
36.Nf3 Bg4 37.Ne1 Bd1  1/2-1/2

[Event "Capablanca mem"]
[Site "Matanzas"]
[Date "1995.??.??"]
[Round "7"]
[White "Arencibia, Juan Joel"]
[Black "Lima, Darcy"]
[Result "1-0"]
[WhiteElo "2435"]
[BlackElo "2505"]

1.d4 d5 2.c4 dxc4 3.Nf3 c5 4.e3 cxd4 5.exd4 Be6 6.Nc3 Nf6 7.Be2 Nc6 8.O-O Nd5
9.Re1 Nxc3 10.bxc3 Bd5 11.Nd2 b5 12.a4 a6 13.Bf3 Rc8 14.axb5 axb5 15.Rb1 Rb8
16.Nxc4 bxc4 17.Rxb8 Nxb8 18.Qa4+ Nc6 19.Bxd5 Qxd5 20.Re5 Qd6 21.Ba3 Qg6
22.h3 h5 23.d5 Rh6 24.d6 Qb1+ 25.Kh2 Qb7 26.dxe7 Bxe7 27.Rxe7+ Qxe7 28.Bxe7 Kxe7
29.Qxc4 Ke8 30.Qd5 Ke7 31.h4 Ke8 32.c4 Ke7 33.Qg5+ Kf8 34.Kg1 Kg8 35.Qc5 Kh7
36.Qe3 Rf6 37.Qg5 Rh6 38.f3 Kg8 39.Kf2 Kf8 40.Kf1 Kg8 41.Qf5 Kf8 42.Qc8+ Ke7
43.Qg8 Rg6 44.Qh7 Ne5 45.c5 Nd3 46.Qxh5 Rxg2 47.Qf5 Rf2+  1-0

[Event "Moscow7"]
[Site "Moscow"]
[Date "1995.??.??"]
[Round "?"]
[White "Koniushkov, Igor"]
[Black "Ivanov, V."]
[Result "1-0"]
[WhiteElo "2265"]
[BlackElo "2445"]

1.d4 d5 2.c4 dxc4 3.Nf3 a6 4.e4 b5 5.a4 Bb7 6.Nc3 b4 7.Bxc4 e6 8.Qb3 Nc6
9.a5 bxc3 10.Qxb7 Nb4 11.O-O Rb8 12.Bxa6 Rxb7 13.Bxb7 Qb8 14.a6 Nxa6 15.Bc6+ Ke7
16.bxc3 Qc8 17.Ba3+ Kf6 18.e5+ Kf5 19.Bc1 g5 20.Bb5 Kg6 21.Bxa6 Qd7 22.Nxg5 Be7
23.Nh3 Kg7 24.Nf4 h5 25.Be2 h4 26.Ra8  1-0

[Event "Moscow PCA-Intel qual"]
[Site "Moscow"]
[Date "1995.??.??"]
[Round "2"]
[White "Zvjaginsev, Vadim"]
[Black "Yakovich, Yuri"]
[Result "1/2-1/2"]
[WhiteElo "2585"]
[BlackElo "2555"]

1.d4 d5 2.c4 dxc4 3.Nf3 a6 4.e3 Nf6 5.Bxc4 e6 6.O-O c5 7.Nc3 b5 8.Bb3 Bb7
9.e4 cxd4 10.Nxd4 Nbd7 11.Re1 Nc5 12.Bd5 Nxd5 13.exd5 b4 14.dxe6 bxc3 15.Qg4 Qd5
16.bxc3 h5 17.Qh3 Nxe6 18.Nxe6 fxe6 19.Bf4 O-O-O 20.Rxe6 Qd7 21.Rb1 Rh6 22.Bxh6 gxh6  1/2-1/2

[Event "Moscow5"]
[Site "Moscow"]
[Date "1995.??.??"]
[Round "6"]
[White "Guliev, Sarhan"]
[Black "Chekhov, Valery A"]
[Result "0-1"]
[WhiteElo "2470"]
[BlackElo "2500"]

1.d4 d5 2.c4 dxc4 3.Nf3 a6 4.e3 Nf6 5.Bxc4 e6 6.O-O c5 7.Nc3 b5 8.Bd3 Bb7
9.dxc5 Bxc5 10.e4 Nbd7 11.Qe2 Qb8 12.Rb1 O-O 13.Bg5 h6 14.Bh4 Nh5 15.Bc2 Ne5
16.Nxe5 Qxe5 17.Rbd1 Rac8 18.Kh1 b4 19.Na4 Ba7 20.Bd3 Bb8 21.Bg3 Nxg3+ 22.hxg3 Qa5
23.b3 Rfd8 24.Bc4 Ba7 25.Nb2 Rxd1 26.Rxd1 Rd8 27.Rxd8+ Qxd8 28.Bd3 Bd4 29.Nd1 Qg5
30.Kh2 Qc1 31.Bc2 Qg5 32.Bd3 Qc5 33.Kg1 a5 34.Qd2 Kf8 35.Kf1 Ke7 36.Qc2 Qxc2
37.Bxc2 Ba6+ 38.Ke1 Kd6 39.f3 Kc5 40.Nf2 Bxf2+ 41.Kxf2 Kd4  0-1

[Event "Moscow op"]
[Site "Moscow"]
[Date "1995.??.??"]
[Round "8"]
[White "Zarubin, Pavel"]
[Black "Skomorokhin, Roman"]
[Result "0-1"]
[WhiteElo "2425"]
[BlackElo "2465"]

1.d4 d5 2.c4 dxc4 3.Nf3 a6 4.e3 Nf6 5.Bxc4 e6 6.Qe2 b5 7.Bd3 Bb7 8.Nbd2 Nbd7
9.Nb3 c5 10.dxc5 Bxc5 11.e4 O-O 12.O-O Bb6 13.Bf4 Nh5 14.Bd6 Ndf6 15.Bxf8 Nf4
16.Qd2 Nxd3 17.Rad1 Bxe4 18.Bc5 Bc7 19.Qg5 Qb8 20.Bd4 e5 21.Rxd3 Bxd3 22.Nxe5 h6
23.Qe3 Bxf1 24.Nc6 Qb7 25.Qf3 Bd8 26.Nc5 Qc8 27.Kxf1 Qg4 28.Qd3 Nd5 29.f3 Qc8
30.Ne5 Bf6 31.Ned7 Qc6 32.Qe4 Bxd4 33.Qxd4 Nf6 34.Ne5 Qd5 35.Qxd5 Nxd5 36.Ned3 a5  0-1

[Event "Moscow5"]
[Site "Moscow"]
[Date "1995.??.??"]
[Round "8"]
[White "Guliev, Sarhan"]
[Black "Gorelov, Sergey G"]
[Result "1/2-1/2"]
[WhiteElo "2495"]
[BlackElo "2490"]

1.d4 d5 2.c4 dxc4 3.Nf3 a6 4.e3 Nf6 5.Bxc4 e6 6.O-O c5 7.a4 Nc6 8.Qe2 cxd4
9.Rd1 Be7 10.exd4 O-O 11.Nc3 Nd5 12.Ne4 Ncb4 13.h4 b6 14.h5 h6 15.Ne5 Bb7
16.Bd2 f5 17.Nc3 Bf6 18.Nxd5 Nxd5 19.Ng6 Re8 20.Bf4 Kh7 21.Bh2 Qd7 22.Ne5 Qe7
23.Rac1 Bg5 24.Bxd5 Bxd5 25.Ng6 Qb4 26.Rc7 Rec8 27.Qc2 Rxc7 28.Qxc7 Qxa4
29.Re1 Qb4 30.Be5 Qxe1+ 31.Kh2 Rg8 32.Nf8+ Kh8  1/2-1/2

[Event "Novgorod op"]
[Site "Novgorod"]
[Date "1995.??.??"]
[Round "8"]
[White "Tunik, Gennady"]
[Black "Dokuchaev, Aleksander"]
[Result "1/2-1/2"]
[WhiteElo "2530"]
[BlackElo "2395"]

1.d4 d5 2.c4 dxc4 3.Nf3 a6 4.e3 Nf6 5.Bxc4 e6 6.O-O c5 7.b3 cxd4 8.Nxd4 Bd7
9.Bb2 Nc6 10.Nf3 Be7 11.Nbd2 b5 12.Be2 O-O 13.Qb1 Nb4 14.Ne5 Rc8 15.Rc1 Bc6
16.Nxc6 Rxc6 17.Nf3 Rxc1+ 18.Bxc1 Nfd5 19.Bb2 Bf6 20.a3 Nc6 21.Qc2 Bxb2 22.Qxb2 Qb6
23.b4 Rc8 24.Rc1 Nce7 25.Rxc8+ Nxc8 26.Qc2 Nd6 27.Nd4 Qc7 28.Qxc7 Nxc7 29.f3 Nd5
30.Kf2 Nb6 31.Nc2 Nbc4 32.Bd3 e5 33.f4 f5 34.h3 Kf7 35.g4 fxg4 36.hxg4 h6  1/2-1/2

[Event "Pardubice op"]
[Site "Pardubice"]
[Date "1995.??.??"]
[Round "?"]
[White "Vasilchenko, Oleg"]
[Black "Vaulin, Alexander"]
[Result "1/2-1/2"]
[WhiteElo "2430"]
[BlackElo "2490"]

1.d4 d5 2.c4 dxc4 3.Nf3 c5 4.d5 e6 5.Nc3 Nf6 6.e4 exd5 7.e5 Nfd7 8.Qxd5 Nb6
9.Qxd8+ Kxd8 10.Bg5+ Be7 11.O-O-O+ Ke8 12.Nb5 Na6 13.Bxe7 Kxe7 14.Nd6 Nc7
15.Ng5 Ne6 16.Nge4 Rb8 17.Kb1 Bd7 18.Nxc4 Bc6 19.Ned6 Nxc4 20.Bxc4 Bxg2 21.Rhg1 Bf3
22.Rd2 Bh5 23.Nf5+ Kf8 24.Rd7 Bg6 25.Rxg6 hxg6 26.Nd6 Nd8 27.Nxf7 Nxf7 28.Rxf7+ Ke8
29.e6 b5 30.Bd5  1/2-1/2

[Event "Paris op"]
[Site "Paris"]
[Date "1995.??.??"]
[Round "?"]
[White "Shipov, Sergei"]
[Black "Skomorokhin, Roman"]
[Result "1/2-1/2"]
[WhiteElo "2510"]
[BlackElo "2465"]

1.d4 d5 2.c4 dxc4 3.Nf3 a6 4.e3 Nf6 5.Bxc4 e6 6.Qe2 b5 7.Bd3 Nbd7 8.a4 b4
9.O-O c5 10.Nbd2 Bb7 11.e4 cxd4 12.e5 Nd5 13.Nb3 Bc5 14.Bd2 Bb6 15.Rfe1 Nc5
16.Nxc5 Bxc5 17.Bb5+ Kf8 18.Bd3 h6 19.Rac1 Bb6 20.Rc4 Rc8 21.Rec1 a5 22.Nxd4 Bxd4
23.Rxd4 Rxc1+ 24.Bxc1 h5 25.h4 g6 26.Bc4 Qb6 27.Bxd5 Bxd5 28.Be3 Qc6 29.Bg5 Rg8
30.Bf6 Ke8 31.Qe3 Kd7 32.Qh6 Rc8 33.Qg7 Kc7 34.Qxf7+ Kb8 35.Qxg6 Qc1+ 36.Kh2 Qxb2
37.Qd3 Qxf2 38.Rxd5 Qf4+ 39.g3 Qf2+ 40.Kh3 exd5 41.Qb5+ Ka7 42.Qxa5+ Kb8
43.Qxb4+ Ka7 44.Qa5+ Kb8 45.Qb5+ Ka7 46.Qd7+ Kb8 47.Qb5+ Ka7 48.Qa5+ Kb8
49.Qb4+ Ka7  1/2-1/2

[Event "Paris op"]
[Site "Paris"]
[Date "1995.??.??"]
[Round "?"]
[White "Skomorokhin, Roman"]
[Black "Afek, Yochanan"]
[Result "0-1"]
[WhiteElo "2465"]
[BlackElo "2370"]

1.d4 d5 2.c4 dxc4 3.Nf3 c5 4.e3 cxd4 5.Bxc4 Qc7 6.Qb3 e6 7.Nxd4 Nf6 8.Nc3 Be7
9.Bd2 O-O 10.Be2 e5 11.Ndb5 Qd8 12.Na3 Nbd7 13.O-O Nc5 14.Qc2 g6 15.Nc4 Bf5
16.Qd1 Qc7 17.Nb5 Qb8 18.b4 Nce4 19.Be1 Rd8 20.Qc1 a6 21.Nba3 b5 22.Na5 Bd7
23.Qb2 Qb6 24.Qxe5 Bd6 25.Qb2 Qc7 26.f4 Qb6 27.Nc2 Nd5 28.Bf3 Re8 29.Kh1 Nxe3
30.Nxe3 Qxe3 31.Rd1 Bf5 32.Qd4 Bxf4 33.Qxe3 Bxe3 34.g4 Bc8 35.Kg2 f5 36.h3 Be6
37.Nb7 Bc4 38.Rh1 Ra7 39.Nd6 Nxd6 40.Rxd6 fxg4 41.hxg4 Bxa2 42.Bg3 Bc4 43.Re1 Ree7
44.Ra1 Red7 45.Ra3 Bd2 46.Raxa6 Bxb4 47.Rxa7 Rxa7 48.Rd8+ Kf7 49.Rh8 Ke6
50.Re8+ Be7 51.Bh4  0-1

[Event "Paris op"]
[Site "Paris"]
[Date "1995.??.??"]
[Round "?"]
[White "Primel, Dominique"]
[Black "Antonoff, Georges"]
[Result "0-1"]
[WhiteElo "2035"]
[BlackElo "2185"]

1.Nf3 d5 2.d4 c5 3.c4 dxc4 4.e3 cxd4 5.exd4 Be6 6.Nc3 Nf6 7.Bxc4 Bxc4 8.Qa4+ b5
9.Nxb5 Bxb5 10.Qxb5+ Qd7 11.Qb3 e6 12.Bf4 Nc6 13.O-O Be7 14.Rac1 O-O 15.Rfd1 Nd5
16.Bg3 Na5 17.Qd3 Rfc8 18.Ne5 Qb7 19.Qf3 Nf6 20.Qf4 Rxc1 21.Rxc1 Rc8 22.Rd1 Nc4
23.Nd3 Nh5 24.Qg4 Nxg3 25.hxg3 h6 26.b3 Nd6 27.Nf4 Qe4 28.Qh5 Qf5 29.Qe2 Nb5
30.d5 Nc3 31.Qa6 Rd8 32.d6 Nxd1 33.dxe7 Re8 34.Qd6 Qf6 35.Qxd1 Qxe7 36.Nh5 Rd8
37.Qg4 Qg5 38.Qe2 Rd2 39.Qf3 Rxa2 40.Nf4 Qc5 41.Qa8+ Kh7 42.Qe4+ Qf5 43.Qe3 Ra3
44.f3 Qb1+ 45.Kh2 Qxb3 46.Qe4+ g6 47.Nh5 Qc3 48.Nf4 Ra5 49.Qb7 Kg8 50.Qb8+ Kg7
51.Qb7 Qe5 52.Qc8 Ra1 53.Qd8 a5  0-1

[Event "Paris op"]
[Site "Paris"]
[Date "1995.??.??"]
[Round "?"]
[White "Rotstein, Arkadij"]
[Black "Afek, Yochanan"]
[Result "0-1"]
[WhiteElo "2490"]
[BlackElo "2370"]

1.d4 d5 2.Nf3 c5 3.c4 dxc4 4.d5 e6 5.Nc3 exd5 6.Qxd5 Qxd5 7.Nxd5 Na6 8.e4 Nf6
9.Nxf6+ gxf6 10.Bxc4 Nc7 11.Bf4 Be6 12.Bxe6 Nxe6 13.Bd2 Rg8 14.O-O O-O-O
15.Rad1 Be7 16.g3 Ng5 17.Nh4 Nxe4 18.Nf5 Rge8 19.Bf4 Rxd1 20.Rxd1 Ng5 21.Bd6 Bf8
22.Rd5 b6 23.Bxf8 Rxf8 24.h4 Ne6 25.Nd6+ Kd7 26.Nxf7+ Ke7 27.Nh6 Nd4 28.Ng4 f5
29.Kg2 Rf6 30.b4 Rc6 31.bxc5 bxc5 32.Ne5 Ke6 33.Nxc6 Kxd5 34.Nxa7 c4 35.Kf1 c3
36.Ke1 Kc4 37.Nc8 Kd3  0-1

[Event "Paris op"]
[Site "Paris"]
[Date "1995.??.??"]
[Round "?"]
[White "Wagner, Claude"]
[Black "Gyimesi, Zoltan"]
[Result "0-1"]
[WhiteElo "2405"]
[BlackElo "2500"]

1.d4 d5 2.c4 dxc4 3.Nf3 c5 4.d5 e6 5.Nc3 exd5 6.Qxd5 Qxd5 7.Nxd5 Bd6 8.e4 Ne7
9.Bxc4 Nxd5 10.Bxd5 Na6 11.O-O Nc7 12.Bb3 Be6 13.Rd1 O-O-O 14.Be3 f6 15.Nd2 b6
16.Bxe6+ Nxe6 17.Nc4 Bc7 18.a4 Rxd1+ 19.Rxd1 Rd8 20.Rxd8+ Kxd8 21.Kf1 Kd7
22.Ke2 Kc6 23.Kd3 a6 24.b3 b5 25.axb5+ axb5 26.Nd2 Bf4 27.g3 Bxe3 28.Kxe3 Kb6
29.Kd3 Nd4 30.b4 Nc6 31.bxc5+ Kxc5 32.f4 Nd4 33.Nf1 b4 34.Ne3 Nb5 35.h4 h5
36.Nf5 b3 37.e5 Kb4 38.Ne3 Nc3 39.Nc4 Ne4 40.Nb2 Nxg3 41.e6 Nf5 42.Ke4 Ne7
43.Kd4 Kb5 44.Nc4 Kc6 45.Na5+ Kd6 46.Nxb3 Nf5+ 47.Ke4 g6 48.Nd4 Nxh4  0-1

[Event "World op"]
[Site "Philadelphia"]
[Date "1995.??.??"]
[Round "5"]
[White "Lower, Spencer"]
[Black "Yedidia, Jonathan"]
[Result "0-1"]
[WhiteElo "2250"]
[BlackElo "2435"]

1.d4 d5 2.c4 dxc4 3.Nf3 a6 4.e3 Nf6 5.Bxc4 e6 6.O-O c5 7.Qe2 b5 8.Bb3 Bb7
9.Rd1 Nbd7 10.Nc3 Qb8 11.h3 Be7 12.d5 exd5 13.Nxd5 Nxd5 14.Bxd5 Bxd5 15.Rxd5 Qb7
16.Rd1 O-O 17.b3 Bf6 18.Bb2 Rfd8 19.Rac1 Qc6 20.Ba3 Be7 21.Rd2 Rac8 22.Rdc2 Qb6
23.Bb2 Nf6 24.e4 h6 25.Qe3 Qe6 26.Nd2 Rc7 27.f4 Rcd7 28.Bxf6 Qxf6 29.e5 Qg6
30.Ne4 Rd3 31.Qe2 R3d4 32.Nxc5 Rxf4 33.Re1 Rd5 34.Ne4 Qe6 35.Qe3 Qf5 36.g3 Rf3
37.Qa7 Qxh3 38.Qa8+ Kh7 39.Qxd5  0-1

[Event "Polanica Zdroj op"]
[Site "Polanica Zdroj"]
[Date "1995.??.??"]
[Round "7"]
[White "Kula, Robert"]
[Black "Gritsak, Orest"]
[Result "1/2-1/2"]
[WhiteElo "2350"]
[BlackElo "2365"]

1.d4 d5 2.c4 dxc4 3.Nf3 c5 4.e3 cxd4 5.exd4 Be6 6.Nc3 Nf6 7.Ne5 Nc6 8.Nxc6 bxc6
9.Qa4 Qd7 10.Bxc4 Bxc4 11.Qxc4 e6 12.Bf4 Be7 13.O-O O-O 14.Rac1 Rfc8 15.Rfd1 Qb7
16.Rc2 Nd5 17.Be5 Bf8 18.Ne4 a5 19.a3 Qa6 20.Qb3 Ra7 21.Qg3 Qb6 22.Rdc1 Rd7
23.h3 h6 24.Nd6 Rcd8 25.Ne4 Rc8  1/2-1/2

[Event "Polanica Zdroj op"]
[Site "Polanica Zdroj"]
[Date "1995.??.??"]
[Round "9"]
[White "Staniszewski, Piotr"]
[Black "Bus, Mariusz"]
[Result "1/2-1/2"]
[WhiteElo "2405"]
[BlackElo "2380"]

1.d4 d5 2.c4 dxc4 3.Nf3 c5 4.e3 Nf6 5.Bxc4 e6 6.O-O a6 7.Bd3 Nbd7 8.Qe2 b6
9.Rd1 Qc7 10.Nc3 Bb7 11.dxc5 Bxc5 12.b3 O-O 13.Bb2 b5 14.Rac1 Qb6 15.Ng5 h6
16.Nge4 Be7 17.Bb1 Rfd8 18.Qf3 Nc5 19.Qg3 Rxd1+ 20.Rxd1 Rd8 21.Rc1 Ncxe4
22.Nxe4 Bxe4 23.Bxe4 Bd6 24.Qf3 Nxe4 25.Qxe4 Qa5 26.Qh4 Bf8 27.g3 Qd2 28.Rc7 g5
29.Qh5 Qd1+ 30.Qxd1 Rxd1+ 31.Kg2 Rd2 32.Bd4 Bg7 33.Bxg7 Kxg7 34.a4 bxa4 35.bxa4 Ra2
36.Rc4 Kg6 37.h4 a5 38.hxg5 hxg5 39.g4 Kf6 40.Kg3 Ra3 41.Kf3  1/2-1/2

[Event "Polanica Zdroj op"]
[Site "Polanica Zdroj"]
[Date "1995.??.??"]
[Round "9"]
[White "Pisulinski, Jan"]
[Black "Szymczak, Zbigniew"]
[Result "1-0"]
[WhiteElo "2390"]
[BlackElo "2345"]

1.d4 d5 2.c4 dxc4 3.Nf3 a6 4.a4 Nf6 5.e3 e6 6.Bxc4 c5 7.O-O Nc6 8.Qe2 Qc7
9.Nbd2 cxd4 10.exd4 Be7 11.Nb3 O-O 12.Bg5 Rd8 13.Rac1 Nd5 14.Bxe7 Qxe7 15.Rfd1 a5
16.Nc5 Ncb4 17.Ne5 b6 18.Ncd3 Bb7 19.Qg4 Rd6 20.Nxb4 Nxb4 21.Bb5 Rad8 22.Nc4 Rd5
23.h4 h5 24.Qf4 g5 25.Qe3 gxh4 26.Ne5 Qf6 27.Be2 R5d6 28.Bxh5 Nd5 29.Qh3 Rf8
30.Bf3 Qg5 31.Bxd5 Bxd5 32.Rc7 f6 33.Nf3 Bxf3 34.Qxf3 Rfd8 35.Qe4 f5 36.Qe5 Qg6
37.Re7 Rd5 38.Qe3 Qg4 39.Rc1 Qg6 40.Rcc7 Rxd4 41.Rxe6  1-0

[Event "Portoroz op"]
[Site "Portoroz"]
[Date "1995.??.??"]
[Round "?"]
[White "Ruzzier, Dario"]
[Black "Djurkovic, Maks"]
[Result "0-1"]
[WhiteElo "1905"]
[BlackElo "2105"]

1.d4 d5 2.c4 dxc4 3.Nf3 c5 4.e3 cxd4 5.Bxc4 Qc7 6.Qc2 Be6 7.Bb5+ Kd8 8.Qxc7+ Kxc7
9.Nxd4 Bd5 10.O-O e5 11.Ne2 a6 12.Bd3 Nf6 13.Nbc3 Bc6 14.Bc4 Be8 15.a3 b5
16.Nd5+ Nxd5 17.Bxd5 Nc6 18.Bd2 Bc5 19.Rfc1 Kd6 20.e4 Bd7 21.Kf1 Rac8 22.b4 Bb6
23.a4 Nd4 24.Nc3 bxa4 25.Ra3 Bb5+ 26.Ke1 Ba7 27.f3 f6 28.Kd1 Rc7 29.Nxa4 Rxc1+
30.Bxc1 Rc8 31.Nc3 Bf1 32.Bd2 Rc7 33.Ra5 Bxg2 34.Rxa6+ Ke7 35.b5 Bf1 36.b6 Bxa6
37.bxc7 Kd7 38.Na4 Kxc7 39.Ba5+ Kd7 40.Nb6+ Bxb6 41.Bxb6 Nxf3 42.Bg8 h5 43.Bf7 h4
44.Bh5 Ng5 45.Bc5 Nxe4 46.Bf8 g5 47.Bf3 Bd3  0-1

[Event "Ptuj"]
[Site "Ptuj"]
[Date "1995.??.??"]
[Round "1"]
[White "Krumpacnik, Domen"]
[Black "Sermek, Drazen"]
[Result "1/2-1/2"]
[WhiteElo "2405"]
[BlackElo "2515"]

1.d4 d5 2.c4 dxc4 3.Nf3 c5 4.d5 Nf6 5.Nc3 e6 6.e4 exd5 7.e5 Nfd7 8.Bg5 Be7
9.Bxe7 Qxe7 10.Nxd5 Qd8 11.Bxc4 Nc6 12.O-O O-O 13.Re1 Re8 14.e6 fxe6 15.Nf4 Nf8
16.Qxd8 Rxd8 17.Nxe6 Bxe6 18.Bxe6+ Nxe6 19.Rxe6 Re8 20.Rxe8+ Rxe8 21.Rd1 Re2
22.Rd2 Rxd2 23.Nxd2 Kf7 24.Ne4 b6 25.Kf1 Nb4 26.Nc3 Nd3 27.b3 Ke6 28.g3 Nb4  1/2-1/2

[Event "Ptuj"]
[Site "Ptuj"]
[Date "1995.??.??"]
[Round "10"]
[White "Polajzer, Danilo"]
[Black "Sermek, Drazen"]
[Result "1/2-1/2"]
[WhiteElo "2430"]
[BlackElo "2515"]

1.Nf3 d5 2.d4 c5 3.c4 dxc4 4.d5 e6 5.Nc3 Nf6 6.e4 exd5 7.e5 Nfd7 8.Bg5 Be7
9.Bxe7 Qxe7 10.Nxd5 Qd8 11.Qc2 Nb6 12.O-O-O Nxd5 13.Bxc4 Qe7 14.Bxd5 O-O
15.h4 Na6 16.Ng5 g6 17.Qc4 Nc7 18.f4 Nxd5 19.Qxd5 Bg4 20.Qd6 Qxd6 21.Rxd6 Rad8
22.Ne4 Kg7 23.Re1 b6 24.Re3 Bf5 25.Rxd8 Rxd8 26.Nd6 Be6 27.Rd3 Rf8 28.b3 f6
29.Re3 Rd8 30.exf6+ Kxf6 31.Ne4+ Kf5 32.Ng5 Bg8 33.g3 c4 34.bxc4 Rd4 35.Re5+ Kg4
36.Re3 Rxc4+ 37.Kb2 Rd4 38.a3 h6 39.Nf3 Rd6 40.Ne5+ Kf5  1/2-1/2

[Event "Rishon Le Ziyyon YM-IM"]
[Site "Rishon Le Ziyyon"]
[Date "1995.??.??"]
[Round "1"]
[White "Grinshpun, Eduard"]
[Black "Zifroni, Dov"]
[Result "1-0"]
[WhiteElo "2390"]
[BlackElo "2370"]

1.d4 d5 2.Nf3 c5 3.c4 dxc4 4.Nc3 cxd4 5.Qxd4 Qxd4 6.Nxd4 Nf6 7.Ndb5 Kd8 8.Be3 Nc6
9.O-O-O+ Bd7 10.g4 e6 11.Bh3 h5 12.g5 Ng4 13.Bxg4 hxg4 14.Rd2 Bb4 15.Rhd1 Ne5
16.Bf4 Ke7 17.a3 Ba5 18.Bxe5 Bxb5 19.Bd6+ Ke8 20.Nxb5 Bxd2+ 21.Rxd2 Rd8 22.Rd4 f6
23.g6 a6 24.Nc7+ Kd7 25.Bg3+ Ke7 26.Rxc4 Rd7 27.Kc2 Rhd8 28.Kb3 Rd4 29.Rxd4 Rxd4
30.Na8 Rd5 31.a4 Rg5 32.Nb6 Rxg6 33.a5 Rg5 34.Nc4 Rb5+ 35.Ka3 e5 36.b4 Rd5
37.Ne3 Rd8 38.Nxg4 Ke6 39.e4 Rc8 40.Kb3 Rc1 41.Ne3 Re1 42.Kc3 g6 43.Kd3 Rb1
44.Nd5 f5 45.f3 g5 46.Nc7+ Kd6 47.Ne8+ Kd7 48.Nf6+ Ke6 49.Nh7 Rxb4 50.Nxg5+ Kf6
51.h4 b6 52.axb6 Rxb6 53.Be1 Rb1 54.Bc3 f4 55.Nh3 Ke6 56.Nf2 Rf1 57.Ke2 Rc1
58.Bd2 Rg1 59.h5 Rg2 60.Bc3 Rh2 61.h6 Rxh6 62.Bxe5 Rh4 63.Bc3 Rh2 64.Kf1 Rh4
65.Nd3  1-0

[Event "Schwaebisch Gmuend op"]
[Site "Schwaebisch Gmuend"]
[Date "1995.??.??"]
[Round "?"]
[White "Braun, Peter"]
[Black "Skomorokhin, Roman"]
[Result "0-1"]
[WhiteElo "2175"]
[BlackElo "2465"]

1.d4 d5 2.c4 dxc4 3.Nf3 a6 4.a4 Nf6 5.e3 e6 6.Bxc4 c5 7.O-O Nc6 8.Nc3 Be7
9.Re1 O-O 10.h3 cxd4 11.exd4 Nb4 12.Bg5 b6 13.Qe2 Bb7 14.Rad1 Nfd5 15.Bc1 Re8
16.Ne5 Bf8 17.Ne4 Qc7 18.Bb3 f6 19.Nf3 Rad8 20.g3 Ba8 21.a5 Qb7 22.axb6 Nxb6
23.Kh2 Kh8 24.Rg1 Qxe4  0-1

[Event "St Ingbert op"]
[Site "St Ingbert op"]
[Date "1995.??.??"]
[Round "4"]
[White "Woller, Rainer"]
[Black "Gyimesi, Zoltan"]
[Result "0-1"]
[WhiteElo "2230"]
[BlackElo "2525"]

1.Nf3 d5 2.d4 c5 3.c4 dxc4 4.e3 Nf6 5.Bxc4 e6 6.O-O a6 7.a4 Nc6 8.Nc3 Qc7
9.Qe2 Bd6 10.dxc5 Bxc5 11.e4 Ng4 12.g3 O-O 13.Kg2 b6 14.h3 Nge5 15.Nxe5 Nxe5
16.Bf4 Bd6 17.Bb3 Nd7 18.Bxd6 Qxd6 19.Kh2 Nc5 20.Bc2 Bb7 21.Rad1 Qc6 22.Rd2 Rad8
23.Rxd8 Rxd8 24.Rd1 Rd6 25.f3 f6 26.Rxd6 Qxd6 27.b4 Nd7 28.Qd1 Qc7 29.Bb3 Kf7
30.Qd4 Ne5 31.Kg2 Nc6 32.Qc4 Qd6 33.Ne2 Ke7 34.Nf4 Nd4 35.Ba2 g5 36.Nh5 Bc6
37.Bb3 b5 38.axb5 Bxb5 39.Qc3 Nxb3 40.Qxb3 Qd2+  0-1

[Event "St Petersburg op"]
[Site "St Petersburg"]
[Date "1995.??.??"]
[Round "5"]
[White "Lugovoi, Aleksei"]
[Black "Yakovich, Yuri"]
[Result "1/2-1/2"]
[WhiteElo "2485"]
[BlackElo "2555"]

1.d4 d5 2.c4 dxc4 3.Nf3 a6 4.e3 Nf6 5.Bxc4 e6 6.O-O c5 7.Bd3 Nbd7 8.Re1 Qc7
9.e4 cxd4 10.e5 Nd5 11.Be4 Nb4 12.Qxd4 Nc6 13.Bxc6 Qxc6 14.Nc3 b5 15.Be3 Bb7
16.Red1 Rc8 17.Rac1 Bc5 18.Qf4 O-O 19.Ne2 a5 20.h4 b4 21.h5 Bxe3 22.Qxe3 Qb5
23.Ned4 Rxc1  1/2-1/2

[Event "St Petersburg op"]
[Site "St Petersburg"]
[Date "1995.??.??"]
[Round "5"]
[White "Nenashev, Alexander"]
[Black "Vaulin, Alexander"]
[Result "1-0"]
[WhiteElo "2605"]
[BlackElo "2510"]

1.d4 d5 2.c4 dxc4 3.Nf3 c5 4.e3 cxd4 5.Bxc4 Qc7 6.Qb3 e6 7.exd4 Nf6 8.O-O Be7
9.Nc3 Nc6 10.d5 exd5 11.Nxd5 Nxd5 12.Bxd5 O-O 13.Bd2 Bf6 14.Rac1 Bf5 15.Bc3 Bxc3
16.Qxc3 Bd7 17.Nd4 Rac8 18.Rfe1 g6 19.Nb5 Qb8 20.Qf6 Nb4 21.Rxc8 Qxc8 22.Nc3 Nc6
23.Ne4 Bf5 24.Nd6 Qd7 25.Re8 Qxd6 26.Bxf7+  1-0

[Event "Chigorin mem"]
[Site "St Petersburg"]
[Date "1995.??.??"]
[Round "7"]
[White "Rychagov, Andrei"]
[Black "Vaulin, Alexander"]
[Result "1-0"]
[WhiteElo "2310"]
[BlackElo "2490"]

1.d4 d5 2.c4 dxc4 3.Nf3 c5 4.d5 e6 5.Nc3 Nf6 6.e4 exd5 7.e5 Nfd7 8.Bg5 Be7
9.Bxe7 Qxe7 10.Nxd5 Qd8 11.Qc2 b5 12.O-O-O Bb7 13.h4 Bxd5 14.Rxd5 Qe7 15.Qe4 Nb6
16.e6 f6 17.Rh5 Na6 18.Qc6+ Kf8 19.Ne5 Kg8 20.Nf7 g6 21.Rh3 Kg7 22.Rg3 Rhe8
23.Nd6 Kf8 24.Nxe8 Rxe8 25.Rxg6 Nb4 26.Rxh7 Qxh7 27.Rxf6+ Ke7 28.Qc7+ Kxf6
29.Qxh7 Rxe6 30.Qh6+ Ke7 31.Qg7+ Kd6 32.Kd2 Nc6 33.h5 b4 34.h6 c3+ 35.bxc3 bxc3+
36.Kxc3 Nd5+ 37.Kb2 Re7 38.Qg6+  1-0